| 000 | 00647nam a22001337a 4500 | ||
|---|---|---|---|
| 040 | _cRUA | ||
| 082 | _aATM SOY 2010 B198 Or.1 | ||
| 100 | _aSOY, KOSAL | ||
| 245 | _aUsing power tiller in agricultural field in svay antor district, prey veng province, ការប្រើប្រាស់គោយន្តក្នុងវិស័យកសិកម្មនៅក្នុងស្រុកស្វាយអន្ទរ ខេត្តព្រៃវែង | ||
| 260 |
_aPhnom Penh _bRUA _c2010 |
||
| 300 |
_axi, 53p. _bill. _c29cm. |
||
| 856 | _uhttps://drive.google.com/file/d/1jdJYUMNsz4zdeasjJKlWFL2CaOhsX2QN/view?usp=sharing | ||
| 942 | _cATM | ||
| 999 |
_c4293 _d4293 |
||